000 00303nam a2200121Ia 4500
008 190216s9999||||xx |||||||||||||| ||und||
100 _aBhatnagar K P
245 0 _aIntroduction To Keynesian Economics
260 _bLakshmi Narain Agarwal Pub
_c1971
300 _a371p
650 _aEconomics
942 _cBK
999 _c9259
_d9259